000 00536nam a2200169Ia 4500
003 GCL
008 140319s9999 xx 000 0 ara d
040 _aGCL /
_cGCL
082 0 4 _a811.9
_bا ا
100 1 _aامجد ناصر
245 1 0 _aاثر العابر : مختارات شعرية /
_cامجد ناصر
300 _a229 ص
490 _aكتاب شرقيات للجميع
_v0
650 0 4 _aالشعر العربى - دواوين وقصائد
650 0 4 _aالشعر العربى - العصر الحديث
942 _2ddc
_cBK
999 _c39690
_d39690